00953pab a2200145 454500008004000000100001900040245009900059260000900158300001400167362001200181520056300193650001500756700001900771773001700790180718b2007 xxu||||| |||| 00| 0 eng d aTripathy, K.K. aMicro-finance and self-employment initiatives under SGSY: a review of intentions and realities c2007 ap.387-93. aJan-Mar aGovernment of India's Swarnjayanti Gram Swarozgar Yojana, a micro-finance driven holistic self-employment programme, seeks to create gainful employment opportunities for the rural poor. A field study undertaken in Orissa reveals that the beneficiaries of micro-credit assistance under the programme have been identified as per guidelines. It was found that the glaring flaws impeding success are the lack of co-ordination amongst field level agencies, the indifferent quality of the groups formed and arbitrary selection of economic activities. - Reproduced. aEmployment aTripathy, I.G. aProductivity